| 000 | 02132nam0a2200361 4500 | ||
|---|---|---|---|
| 001 | RU\NLR\BIBL_A\012178139 | ||
| 005 | 20260407083750.0 | ||
| 010 |
_a978-5-8209-1670-0 _9500 |
||
| 021 |
_aRU _b2019-94072 _9КН-П-6894 |
||
| 035 | _a(RuMoRGB)010192411 | ||
| 035 | _a(NLR Aleph) 012178139 | ||
| 090 |
_a12270691 _c12270691 |
||
| 100 | _a20200113d2019 |||y0rusy50 ca | ||
| 101 | 0 | _arus | |
| 102 | _aRU | ||
| 105 | _ay|||j|||000zy | ||
| 181 | 0 |
_ai _baxxe |
|
| 182 | 0 | _an | |
| 200 | 1 |
_aПравовые семьи современности: исторические корни, основные черты и некоторые правовые институты _eучебное пособие _e[для студентов магистратуры и аспирантов направления подготовки "Юриспруденция"] _fМнистерство науки и высшего образования Российской Федерации, Кубанский государственный университет _g[Г. Э. Адыгезалова и др.] |
|
| 203 |
_aТекст _bвизуальный _cнепосредственный |
||
| 210 |
_aКраснодар _cКубанский государственный университет _d2019 |
||
| 215 |
_a368 с. _d21 |
||
| 320 | _aБиблиогр. в конце разд. и в подстроч. примеч. | ||
| 606 | 1 |
_aПравовые системы _jУчебные издания для высших учебных заведений _xСравнительно-правовые исследования _92087542 _3RU\NLR\AUTH\661263710 |
|
| 686 | 1 | _aХ99я73 | |
| 702 | 1 |
_4220 _aАдыгезалова _bГ. Э. _cд-р юрид. наук _f1980- _gГюльназ Эльдаровна _3RU\NLR\AUTH\770278839 _92650806 |
|
| 712 | 0 | 2 |
_4475 _aКубанский государственный университет _cКраснодар _3RU\NLR\AUTH\8810948 _9294538 |
| 942 | _cBOOK | ||
| 980 | _aNBR | ||
| 980 | _aNB | ||